| 000 | 00756nam a2200265Ia 4500 | ||
|---|---|---|---|
| 001 | Para_4246 | ||
| 003 | CHAP | ||
| 008 | 220125s1943 xx 000 0 und d | ||
| 010 | _a202565 | ||
| 040 | _cCHAP | ||
| 090 | _aPA FOLLETO 1457 | ||
| 100 |
_aHaseman, Leonard _953018 |
||
| 245 |
_aLeaf worm and cotton production / _c Leonard Haseman |
||
| 260 |
_aColumbia, Missouri : _b Agricultural Experiment Station |
||
| 300 | _a1 p | ||
| 440 |
_aMissouri. Agr. Exp. Sta. Bull; 268 _9167843 |
||
| 650 |
_aAlgodón _x Plagas Alabama argillacea _9167844 |
||
| 901 | _aPA FOLLETO 1457 | ||
| 902 | _aA | ||
| 905 | _a0000001943 ck 0000000000 00 | ||
| 910 | _a1943 | ||
| 942 | _cPARA | ||
| 942 |
_cPARA _d1 |
||
| 999 |
_c202565 _d202565 |
||